Carlo Ancelotti's Everton - Statistics

General Stats
  • This quiz has been taken 17 times
  • The average score is 20 of 36
Answer Stats
Rank Player Position Nationality Matches Goals Assists % Correct
1 Gylfi Sigurdsson Attacking Midfield 63 9 12
100%
3 Richarlison Centre-Forward 59 20 4
100%
5 Jordan Pickford Goalkeeper 54 0 0
94%
18 Moise Kean Centre-Forward 21 4 1
94%
7 Séamus Coleman Right-Back 49 0 3
94%
17 James Rodríguez Attacking Midfield 26 6 9
88%
11 Yerry Mina Centre-Back 43 5 1
88%
16 Allan Defensive Midfield 26 0 0
82%
6 Lucas Digne Left-Back 54 0 11
82%
15 Abdoulaye Doucouré Attacking Midfield 34 3 3
76%
10 Alex Iwobi Left Winger 45 2 4
76%
12 André Gomes Central Midfield 43 0 3
76%
26 Cenk Tosun Centre-Forward 7 1 0
76%
2 Dominic Calvert-Lewin Centre-Forward 60 29 6
76%
4 Michael Keane Centre-Back 56 5 2
76%
23 Robin Olsen Goalkeeper 11 0 0
76%
14 Bernard Left Winger 35 4 2
65%
8 Mason Holgate Centre-Back 48 1 1
59%
20 Anthony Gordon Left Winger 18 0 5
47%
13 Ben Godfrey Centre-Back 36 0 2
47%
24 Joshua King Centre-Forward 11 0 0
47%
9 Tom Davies Central Midfield 48 0 1
47%
30 Jarrad Branthwaite Centre-Back 5 0 0
41%
31 João Virgínia Goalkeeper 3 0 0
41%
27 Leighton Baines Left-Back 6 0 0
41%
22 Djibril Sidibé Right-Back 16 0 1
35%
32 Oumar Niasse Centre-Forward 2 0 0
29%
21 Theo Walcott Right Winger 17 2 2
29%
19 Fabian Delph Central Midfield 19 0 0
18%
35 Jean-Philippe Gbamin Defensive Midfield 1 0 0
18%
25 Jonjoe Kenny Right-Back 8 0 0
18%
33 Thierry Small Left-Back 1 0 0
18%
29 Morgan Schneiderlin Defensive Midfield 5 0 0
12%
36 Nathan Broadhead Left Winger 1 0 0
12%
34 Tyler Onyango Central Midfield 1 0 0
12%
28 Niels Nkounkou Left-Back 6 0 1
6%
No matching quizzes found
Score Distribution
Percent of People with Each Score
Percentile by Number Answered
Your Score History
You have not taken this quiz